Actors who worked with Ron Howard - Statistics

General Stats
  • This quiz has been taken 70 times
  • The average score is 39 of 155
Answer Stats
Films Answer % Correct
The Da Vinci Code, Angels & Demons, Inferno, Apollo 13, Splash Tom Hanks
92%
A Beautiful Mind, Cinderella Man Russell Crowe
82%
Rush, In the Heart of the Sea Chris Hemsworth
76%
How the Grinch Stole Christmas Jim Carrey
76%
A Beautiful Mind, Apollo 13 Ed Harris
63%
A Beautiful Mind, The Dilemma Jennifer Connelly
63%
Apollo 13, Frost/Nixon Kevin Bacon
63%
Far and Away Jared Harris
61%
The Missing Tommy Lee Jones
61%
Inferno Felicity Jones
58%
Frost/Nixon Toby Jones
58%
Solo: A Star Wars Story, Edtv Woody Harrelson
58%
The Da Vinci Code, A Beautiful Mind, Solo: A Star Wars Story Paul Bettany
55%
Solo: A Star Wars Story, Willow Warwick Davis
55%
Hillbilly Elegy Amy Adams
50%
Rush Daniel Brühl
50%
Hillbilly Elegy, The Paper Glenn Close
50%
Backdraft Kurt Russell
50%
Far and Away Tom Cruise
50%
A Beautiful Mind, How the Grinch Stole Christmas Bryce Dallas Howard
47%
In the Heart of the Sea Cillian Murphy
47%
Solo: A Star Wars Story, How the Grinch Stole Christmas, Apollo 13, Cinderella Man, Splash, Frost/Nixon, Parenthood, Backdraft, Cocoon, Far and Away, The Dilemma, Edtv, Night Shift, The Missing, The Paper, Gung Ho Clint Howard
47%
Splash Daryl Hannah
47%
Apollo 13, Ransom Gary Sinise
47%
Angels & Demons Ewan McGregor
45%
Frost/Nixon Frank Langella
45%
The Da Vinci Code Ian McKellen
45%
Frost/Nixon Michael Sheen
45%
Far and Away Nicole Kidman
45%
How the Grinch Stole Christmas, A Beautiful Mind, Apollo 13, Angels & Demons, Cinderella Man, Splash, Frost/Nixon, Parenthood, Cocoon, Far and Away, The Dilemma, The Missing, Gung Ho Rance Howard
45%
In the Heart of the Sea Tom Holland
45%
Willow, The Missing Val Kilmer
45%
Solo: A Star Wars Story Donald Glover
42%
Ransom Mel Gibson
42%
Night Shift, The Paper, Gung Ho Michael Keaton
42%
Parenthood Steve Martin
42%
Apollo 13 Bill Paxton
39%
Solo: A Star Wars Story Emilia Clarke
39%
Cinderella Man Renée Zellweger
39%
Far and Away Thomas Gibson
39%
Hillbilly Elegy Bo Hopkins
37%
Cinderella Man Paul Giamatti
37%
Backdraft William Baldwin
37%
In the Heart of the Sea, Far and Away Brendan Gleeson
34%
The Da Vinci Code Jean Reno
34%
Backdraft Robert De Niro
34%
Edtv Matthew McConaughey
32%
Thirteen Lives Paul Gleeson
32%
Solo: A Star Wars Story Phoebe Waller-Bridge
32%
The Da Vinci Code Audrey Tautou
29%
The Missing Cate Blanchett
29%
Thirteen Lives Colin Farrell
29%
Splash John Candy
29%
Parenthood Keanu Reeves
29%
How the Grinch Stole Christmas Taylor Momsen
29%
Thirteen Lives Viggo Mortensen
29%
The Dilemma Vince Vaughn
29%
Solo: A Star Wars Story Alden Ehrenreich
26%
The Da Vinci Code Alfred Molina
26%
Backdraft Donald Sutherland
26%
Parenthood Joaquin Phoenix
26%
Solo: A Star Wars Story Thandiwe Newton
26%
How the Grinch Stole Christmas Christine Baranski
24%
Edtv Ellen DeGeneres
24%
The Dilemma Kevin James
24%
The Paper Marisa Tomei
24%
Parenthood Rick Moranis
24%
Inferno Ben Foster
21%
In the Heart of the Sea Ben Whishaw
21%
Splash Eugene Levy
21%
How the Grinch Stole Christmas Jeffrey Tambor
21%
Backdraft Jennifer Jason Leigh
21%
Thirteen Lives Joel Edgerton
21%
Parenthood Mary Steenburgen
21%
Ransom Rene Russo
21%
Backdraft Scott Glenn
21%
In the Heart of the Sea Banjamin Walker
18%
Parenthood Dianne Wiest
18%
Ransom Lili Taylor
18%
Frost/Nixon Rebecca Hall
18%
Cocoon Steve Guttenberg
18%
How the Grinch Stole Christmas Bill Irwin
16%
A Beautiful Mind Christopher Plummer
16%
Ransom Donnie Wahlberg
16%
Rush Natalie Dormer
16%
Angels & Demons Nikolaj Lie Kaas
16%
Rush Olivia Wilde
16%
The Paper Randy Quaid
16%
Solo: A Star Wars Story Ray Park
16%
Frost/Nixon Sam Rockwell
16%
Angels & Demons Stellan Skarsgard
16%
The Dilemma Winona Ryder
16%
Rush Alexandra Maria Lara
13%
Solo: A Star Wars Story Anthony Daniels
13%
Angels & Demons Armin Mueller-Stahl
13%
Angels & Demons Ayelet Zurer
13%
The Missing Evan Rachel Wood
13%
In the Heart of the Sea Frank Dillane
13%
Hillbilly Elegy Gabriel Basso
13%
Night Shift Henry Winkler
13%
Parenthood, The Paper Jason Robards
13%
Solo: A Star Wars Story Joonas Suotamo
13%
How the Grinch Stole Christmas Molly Shannon
13%
Inferno Omar Sy
13%
The Paper Robert Duvall
13%
A Beautiful Mind, Edtv Adam Goldberg
11%
Cocoon Brian Dennehy
11%
Ransom Delroy Lindo
11%
Edtv Dennis Hopper
11%
Hillbilly Elegy Freida Pinto
11%
Gung Ho Gedde Watanabe
11%
Hillbilly Elegy Haley Bennett
11%
Inferno Irrfan Khan
11%
Edtv Jenna Elfman
11%
A Beautiful Mind Josh Lucas
11%
The Da Vinci Code Jürgen Prochnow
11%
Night Shift Kevin Costner
11%
Ransom Liev Schreiber
11%
Edtv Martin Landau
11%
Frost/Nixon Matthew Macfadyen
11%
In the Heart of the Sea Michelle Fairley
11%
Frost/Nixon Oliver Platt
11%
Cinderella Man Paddy Considine
11%
Angels & Demons, Rush Pierfrancesco Favino
11%
Thirteen Lives Tom Bateman
11%
The Missing Aaron Eckhart
8%
A Beautiful Mind Anthony Rapp
8%
The Dilemma Channing Tatum
8%
Far and Away Colm Meaney
8%
Gung Ho George Wendt
8%
The Paper Jason Alexander
8%
The Da Vinci Code Jean-Yves Berteloot
8%
Willow Joanne Whalley
8%
Gung Ho John Turturro
8%
Gung Ho Mimi Rogers
8%
In the Heart of the Sea Paul Anderson
8%
The Dilemma Queen Latifah
8%
Edtv Sally Kirkland
8%
Night Shift Shannen Doherty
8%
Night Shift Shelley Long
8%
Inferno Sidse Babett Knudsen
8%
Backdraft W. Earl Brown
8%
Cinderella Man Bruce McGill
5%
Cinderella Man Craig Bierko
5%
Rush David Calder
5%
The Missing Elisabeth Moss
5%
Night Shift Gina Hecht
5%
Willow Jean Marsh
5%
The Missing Jenna Boyd
5%
Ransom John Ortiz
5%
In the Heart of the Sea Jordi Mollà
5%
Thirteen Lives Josh Helman
5%
Cocoon Tahnee Welch
5%
Apollo 13 Mike Hughes
3%
Rush Tom Wlaschiha
0%
No matching quizzes found
Score Distribution
Percent of People with Each Score
Percentile by Number Answered
Your Score History
You have not taken this quiz